Clubs ayant remporté la Liga - Mort Subite - Statistiques

Statistiques générales
  • Ce quiz a été pris 229 fois
  • Le résultat moyen est 4 sur 8
Answers on the Grid
Answers color-coded by a green-red scale on the quiz's grid according to % correct below.
Deportivo La Corogne
Séville FC
Real Betis
Real Sociedad
Athletic Bilbao
Atlético de Madrid
FC Barcelone
Valence CF
Girona FC
Getafe CF
UD Las Palmas
Rayo Vallecano
Deportivo Alavés
Cádiz CF
Real Valladolid
Celta Vigo
Granada CF
Espanyol
Osasuna
Deportivo Mallorca
Villareal FC
Levante Unión Deportiva
Elche CF
Sociedad Deportiva Eibar
 
Statistiques - réponses
Réponse % Correct
FC Barcelone
87%
Atlético de Madrid
81%
Séville FC
64%
Athletic Bilbao
52%
Valence CF
52%
Deportivo La Corogne
40%
Real Sociedad
35%
Real Betis
27%
Aucun quiz correspondant
Distribution des résultats
% des personnes avec chaque résultat
Percentile par nombre de réponses
Votre historique - résultats
Vous n’avez pas pris ce quiz